Better Integration of Land Use and Transport at a Regional Level : Scoping of Regional Guidelines / (Record no. 2167)

000 -LEADER
fixed length control field 00385 a2200109 4500
020 ## - INTERNATIONAL STANDARD BOOK NUMBER
International Standard Book Number 9780478334128
022 ## - INTERNATIONAL STANDARD SERIAL NUMBER
International Standard Serial Number 11770600
082 ## - DEWEY DECIMAL CLASSIFICATION NUMBER
Classification number 388.0993 HUN
245 ## - TITLE STATEMENT
Title Better Integration of Land Use and Transport at a Regional Level : Scoping of Regional Guidelines /
Statement of responsibility, etc. Paula Hunter...[et al]
260 ## - PUBLICATION, DISTRIBUTION, ETC.
Place of publication, distribution, etc. New Zealand :
Name of publisher, distributor, etc. NZ Transport Agency,
Date of publication, distribution, etc. 2008
300 ## - PHYSICAL DESCRIPTION
Extent 104p. :
Other physical details ill. ;
Dimensions 30 cm
650 ## - SUBJECT ADDED ENTRY--TOPICAL TERM
Topical term or geographic name entry element Transport -- Land use
Holdings
Withdrawn status Lost status Damaged status Not for loan Permanent Location Current Location Shelving location Date acquired Total Checkouts Full call number Barcode Date last seen Price effective from Koha item type
        School of Civil and Environmental Engineering (SCEE) School of Civil and Environmental Engineering (SCEE)       388.0993 HUN NIT-4696 01/05/2017 01/05/2017 Book
© 2023 Central Library, National University of Sciences and Technology. All Rights Reserved.